| 000 | 00747nam a2200265Ia 4500 | ||
|---|---|---|---|
| 003 | OSt | ||
| 005 | 20221006151214.0 | ||
| 006 | a|||||r|||| 00| 0 | ||
| 007 | ta | ||
| 008 | 221006b |||||||| |||| 00| 0 jpn d | ||
| 020 | _c¥4500 | ||
| 024 | _a21,292 | ||
| 037 |
_bGift, Japan Foundation _cTextual |
||
| 040 |
_aEASL _cEASL _bjpn |
||
| 041 |
_2jpn _ajpn |
||
| 082 | _aY31:(Q4192).42.J, M6 | ||
| 100 |
_aIRUMADA Nobuo _9658563 |
||
| 245 | 0 | _aHyakusho moshijo to kishomon no sekai | |
| 260 |
_aTokyo _bTokyo University Press Japan _c1986 |
||
| 300 |
_a316p. _ccm. |
||
| 490 | _v JL | ||
| 650 | _aJL | ||
| 942 |
_hY31:(Q4192).42.J, M6 _cTEXL _2CC |
||
| 999 |
_c1089378 _d1089378 |
||